Kadın sosyalist enternasyonali büro toplantısı 8-9 Nisan 2000 Brüksel (Record no. 3458)

MARC details
000 -BAŞLIK
Sabit Uzunlukta Kontrol Alanı 01149na a2200301 4500
001 - KONTROL NUMARASI
Denetim Alanı 15446
003 - KONTROL NUMARASI IDENTIFIER
Denetim Alanı MIRAKIL
005 - SON İŞLEM TARİHİ VE ZAMANI
Denetim Alanı 20181213154932.0
008 - SABİT-BOY VERİ ELEMANLARI - GENEL BİLGİLER
Sabit Uzunlukta Kontrol Alanı 161019b tu 000 0
035 ## - SİSTEM KONTROL NUMARASI
Sistem Kontrol Numarası 15446
040 ## - KATALOGLAMA KAYNAK
Orijinal Kataloglama Ajansı Milas
Kataloglama Dili tur
Metne Dönüştürmek Ajansı TR-AnCHP
041 ## - DİL KODU
Metin / Ses Parça Veya Ayrı Başlığın Dil Kodu tur
082 ## - DEWEY ONLU SINIFLANDIRMA NUMARASI
Sınıflandırma Numarası CHP 323.34
Ürün Numarası K22k 2000
090 ## - SINIFLAMA NUMARASI
Sınıflama Numarası CHP 323.34 K22k 2000
111 ## - ANA GİRİŞ - TOPLANTI ADI
Giriş Elemanı Olarak Toplantı Adı Veya Yargı Alanı Adı Kadın Sosyalist Enternasyonali Büro Toplantısı
Toplantının Yeri Brüksel
Toplantı Veya Antlaşma İmzalandığı Tarihi 2000
245 ## - BAŞLIK TABLOSU
Başlık Kadın sosyalist enternasyonali büro toplantısı 8-9 Nisan 2000 Brüksel
Başlığın Kalan Cinsiyet dengesine dayalı demokrasi bir barış kültürü için birlikte çalışma
Sorumluluk Tablosu, Vb Demet ışık
246 ## - UNVAN FORM VARYING
Başlık Doğru / Kısa Başlığı Cinsiyet dengesine dayalı demokrasi bir barış kültürü için birlikte çalışma
260 ## - YAYIN, DAĞITIM, VB
Yayın, Dağıtım, Vb Yeri Brüksel
Yayıncı, Dağıtıcı, Vs Adı [yay.y.]
Yayın, Dağıtım, Vb Tarihi 2000
300 ## - FİZİKSEL TANIM
Kapsam 40 s.
Boyutlar 30 sm.
500 ## - GENEL NOT
Genel Not 25 - 26 Mayıs 2000 parti meclisine sunulan rapor
504 ## - KAYNAKÇA VB NOT
Kaynakça Vb Notu Kaynakça var.
610 ## - KONU KATMA GİRİŞ - TOPLANTI ADI
Giriş Elemanı Olarak Kurumsal Ad Veya Yargı Alanı Adı Cumhuriyet Halk Partisi (CHP)
Genel Alt Bölüm Sosyalist Enternasyonal
Kronolojik Alt Bölüm Toplantılar
650 ## - KONU KATMA GİRİŞ - TOPİKAL DÖNEM
Topikal Süreli Veya Coğrafi Ad Giriş Elemanı Kadınlar
Genel Alt Bölümü Şiddet
Coğrafi Alt Bölümü Türkiye
650 ## - KONU KATMA GİRİŞ - TOPİKAL DÖNEM
Topikal Süreli Veya Coğrafi Ad Giriş Elemanı Kadınlar
Genel Alt Bölümü Sivil haklar
650 ## - KONU KATMA GİRİŞ - TOPİKAL DÖNEM
Topikal Süreli Veya Coğrafi Ad Giriş Elemanı Kadınlar
Coğrafi Alt Bölümü Sosyalist Enternasyonal
700 ## - KATMA GİRİŞ - KİŞİSEL İSİM
Kişisel Ad Işık, Demet
942 ## - EKLENDİ GİRİŞ ELEMANLARI (KOHA)
Sınıflandırma Veya Raf Düzeni Kaynak Dewey Decimal Classification
Koha Öğesi Türü Books
999 ## - SİSTEM KONTROL NUMARALARI (KOHA)
Koha Biblionumber 3458
Koha Biblioitemnumber 3458
Holdings
Kullanım Kısıtlamaları Kalıcı Konum Mevcut Konum Edinme Tarihi Edinim Kaynak Toplam Check-Out'Lar Tam Çağrı Numarası Barkod Tarih Son Görülme İtibaren Geçerli Fiyatlar Koha Öğesi Türü
Kütüphane dışına çıkarılamaz CHP Kütüphanesi CHP Kütüphanesi 09/09/2016 Bağış   CHP 323.34 K22k 2000 003426 09/09/2016 09/09/2016 Books